000 01276nam a2200253Ia 4500
999 _c40432
_d40432
001 7041
003 GE_BSU
005 20200213114231.0
008 181216s2006ge xx |||||||||||||| ||geo||
020 _a9994046624.
040 _cGE_BSU
041 _ageo
080 _a347.934.6+347.933 ქ-88
100 _aქურდაძე,შალვა.
_97025
245 _aსამოქალაქო საქმეთა განხილვა პირველი ინსტანციის სასამართლოში :
_bსახელმძღვ. /
_cშალვა ქურდაძე ; რედ. ავთანდილ კობახიძე.
250 _aმე-2გამოც.
264 _aთბილისი :
_bმერიდიანი,
_c2006.
300 _a982 გვ;
_c21 სმ.
504 _aბიბლოგრაფ:.ტექსტ.შენიშვნ.
653 _aსამოქალაქო საქმეთა განხილვა პირველი ინსტანციის სასამართლო
653 _aსამართალი
700 _a კობახიძე, ავთანდილ
_eრედაქტორი
_97026
942 _cBK
_2udc